000 00739cam a2200277 a 4500
999 _c4077
_d4077
001 878594
003 Nust
005 20170105101619.0
008 901011s1977 enka b 000 0 eng d
020 _a9780385079662 (pbk)
035 _a(OCoLC)29820309
035 _a(OCoLC)ocm29820309
035 _a(CStRLIN)NYCG90-B63555
035 _a(NNC)878594
040 _aAzTPC
_cAzTPC
_dMdBJ
082 _a297.4
_bSHA
090 _aBP189
_b.S38 1977g
100 1 _aShah, Idries,
_d1924-1996.
245 1 4 _aThe Sufis /
_cIdries Shah.
260 _aLondon :
_bOctagon Press,
_c1977.
300 _axii, 451 p. :
_bill. ;
_c23 cm.
504 _aIncludes bibliographical references.
650 0 _aSufism.
942 _2ddc
_cBK